Vista normal
Vista MARC
Entrada Personal Name
Número de registros utilizados en: 2
001 - CONTROL NUMBER
- control field: 54602
003 - CONTROL NUMBER IDENTIFIER
- control field: OSt
005 - DATE AND TIME OF LATEST TRANSACTION
- control field: 20241126100833.0
008 - FIXED-LENGTH DATA ELEMENTS
- fixed length control field: 241126|| aca||aabn | a|a d
040 ## - CATALOGING SOURCE
- Original cataloging agency: OSt
- Transcribing agency: OSt
100 ## - HEADING--PERSONAL NAME
- Personal name: Francisco Salignae de la Mothe Fenelón
670 ## - SOURCE DATA FOUND
- Source citation: Work cat.: (OSt)51707: Francisco Salignae de la Mothe Fenelón, Aventuras de Telémaco hijo de Ulises